| 000 | nam a22 7a 4500 | ||
|---|---|---|---|
| 999 |
_c126404 _d126404 |
||
| 008 | 170411b xxu||||| |||| 00| 0 eng d | ||
| 050 | _aBX4700.B45 W488 | ||
| 100 |
_aWerfel, Franz _929814 |
||
| 245 |
_aThe song of Bernadette _bThe immotal story of Bernadette of Lourdes _cFranz Werfel |
||
| 260 |
_aSt. Albans _bMayflower books _c1977 |
||
| 300 |
_a446p. ; _c18cm. |
||
| 600 |
_aBernadette Soubirous, St. _929610 |
||
| 710 |
_aLewisoh, Ludwig _929815 |
||
| 942 |
_2lcc _cMONOGRAPH |
||